000
00282nam a2200121 a 4500
008
101025s1985|||| d
245
1
0
_a
Múzeum rodného kraja
100
1
_a
Lenz, Siegfried
044
_a
xo
_c
SK
041
_a
slo
260
_b
Tatran
_a
Bratislava
_c
1985
020
_c
38
999
_c
12144
_d
12144